| 000 | 01408nam a2200325Ia 4500 | ||
|---|---|---|---|
| 001 | ebr10141259 | ||
| 003 | CaPaEBR | ||
| 006 | m u | ||
| 007 | cr cn||||||||| | ||
| 008 | 880428s1988 bcc sb 000 1 spa d | ||
| 020 | _z9780774803014 | ||
| 020 | _z0774803010 | ||
| 040 |
_aCaPaEBR _cCaPaEBR |
||
| 035 | _a(OCoLC)647561461 | ||
| 050 | 1 | 4 |
_aPQ6323 _b.A11 1988eb |
| 100 | 1 |
_aCervantes Saavedra, Miguel de, _d1547-1616. |
|
| 240 | 1 | 0 | _aDon Quixote |
| 245 | 1 | 0 |
_aDon Quixote de la Mancha _h[electronic resource] : _ban old-spelling control edition based on the first editions of parts I and II. _nVolume 1, _pDon Quixote. _nPart I / _cCervantes ; prepared by R.M. Flores. |
| 260 |
_aVancouver : _bUniversity of British Columbia Press, _c1988. |
||
| 300 | _alxxxii, 618 p. | ||
| 500 | _aText in Spanish; prefatory material in English. | ||
| 504 | _aIncludes bibliographical references. | ||
| 533 |
_aElectronic reproduction. _bPalo Alto, Calif. : _cebrary, _d2009. _nAvailable via World Wide Web. _nAccess may be limited to ebrary affiliated libraries. |
||
| 600 | 1 | 0 |
_aCervantes Saavedra, Miguel de, _d1547-1616. _tDon Quixote. |
| 650 | 0 | _aSpanish literature. | |
| 655 | 7 |
_aElectronic books. _2local |
|
| 700 | 1 | _aFlores, R. M. | |
| 710 | 2 | _aebrary, Inc. | |
| 856 | 4 | 0 |
_uhttp://site.ebrary.com/lib/rucke/Doc?id=10141259 _zAn electronic book accessible through the World Wide Web; click to view |
| 999 |
_c84171 _d84171 |
||